[Event "EU-Cup 35th"]
[Site "Ulcinj"]
[Date "2019.11.15"]
[Round "6.30"]
[White "Virbalis, Rytis"]
[Black "McDonnell, Odhran"]
[Result "1-0"]
[WhiteElo "1812"]
[BlackElo "1760"]
[PlyCount "63"]
[EventDate "2019.11.10"]
[EventType "team-swiss"]
[EventRounds "7"]
[EventCountry "MNE"]
[SourceTitle "EXT 2021"]
[Source "ChessBase"]
[SourceDate "2020.10.23"]
[SourceVersion "1"]
[SourceVersionDate "2020.10.23"]
[SourceQuality "1"]
[WhiteTeam "Bonnevoie Gambit"]
[BlackTeam "St Benildus"]
[WhiteTeamCountry "LUX"]
[BlackTeamCountry "IRL"]

1. f4 d5 2. e3 Nf6 3. Nf3 c5 4. Bb5+ Bd7 5. Qe2 a6 6. Bxd7+ Nbxd7 7. b3 g6 8. Bb2 Bg7 9. 0-0 0-0 10. d3 b5 11. c4 e6 12. Nbd2 Qb6 13. Kh1 Rfd8 14. Ne5 h5 15. h3 Qb7 16. Ndf3 Rf8 17. Ng5 Nxe5 18. Bxe5 Nd7 19. Bxg7 Kxg7 20. e4 Rae8 21. f5 exf5 22. Qb2+ d4 23. exf5 Re3 24. Rae1 Rfe8 25. Rxe3 Rxe3 26. Qf2 f6 27. Ne6+ Kh8 28. Qh4 Qb8 29. fxg6 Qe5 30. Nd8 Kg7 31. Nf7 Qe6 32. Qxh5 1-0